| 000 | 00537nam a2200169 a 4500 | ||
|---|---|---|---|
| 001 | 000048864 | ||
| 005 | 20201002061452.0 | ||
| 008 | 190424s2016 dr a r 000 0 spa d | ||
| 020 | _a9789945449365 | ||
| 040 |
_aDO-SdBNP _bspa _cBNPHU |
||
| 082 |
_axxxx _bG934d |
||
| 100 | 1 |
_aGuerrero, Celio _976307 |
|
| 245 | 1 | 0 |
_aDos amigos y almas gemelas / _cCelio Guerrero. |
| 260 |
_aSanto Domingo : _bGuerrero & Vásquez, _c2016. |
||
| 300 |
_a316 p. : _bil. ; _c22 cm. |
||
| 500 | _aIncluye datos biográficos del autor en la solapa de la cubierta | ||
| 999 |
_c48352 _d48352 |
||